|
|
|
|
| LEADER |
00983naa a2200217 i 4500 |
| 001 |
acta90294 |
| 005 |
20260603130255.0 |
| 008 |
260603s2026 hu o 100 hun d |
| 020 |
|
|
|a 978-963-648-084-4
|
| 040 |
|
|
|a SZTE Egyetemi Kiadványok Repozitórium
|b hun
|
| 041 |
|
|
|a hun
|
| 100 |
1 |
|
|a Dudok Fanni
|
| 245 |
1 |
0 |
|a Gamifikáció és figyelemirányítás a digitális médiakörnyezetben
|h [elektronikus dokumentum] :
|b [absztrakt] /
|c Dudok Fanni
|
| 260 |
|
|
|a SZTE Juhász Gyula Pedagógusképző Kar
|b Szeged
|c 2026
|
| 300 |
|
|
|a 21
|
| 490 |
0 |
|
|a Média, változás, kontroll : tudományos konferencia és mozgóképes szakmai nap
|
| 650 |
|
4 |
|a Társadalomtudományok
|
| 650 |
|
4 |
|a Média és kommunikáció
|
| 695 |
|
|
|a Gamifikáció - előadáskivonat
|
| 711 |
|
|
|a Média, változás, kontroll : tudományos konferencia és mozgóképes szakmai nap
|c Szeged
|d 2026. április 22-23.
|
| 856 |
4 |
0 |
|u http://acta.bibl.u-szeged.hu/90294/1/2026_media_valtozas_kontroll_021.pdf
|z Dokumentum-elérés
|